00500nam a2200193 a 4500001001300000003000900013005001700022008004100039020002300080082001800103100001700121245002300138260003200161300000900193500003500202505003400237650001800271700001700289nice12345678IN_TiNIC20260116013836.0050524s1997 dela grp 000 0 eng  a8124175 c79500a954.0359bBHA aBhatia, Prem aWitness to History aDelhibHar Anand Pub c1997 a500p aincludes index and biblioraphy2 aGlossary, Bibliography, Index aIndia-History1 aBhatia, Prem